1569 1793 1344 1753 1050 1354 1020 1011 1820 1513 1424 1117 1463 1195 1172 1168 1533 1196 1722 1105 1037 1457 1950 1132 1781 1575 1407 1144 1070 1436 1371 1985 1565 1782 1128 1058 1347 1224 1984 1065 1003 1969 1331 1279 1451 1645 1319 1726 1809 1170 1395 1104 1744 1038 1686 1492 1743 1098 1573 1477 1093 1847 1751 1297 1080 1497 1697 1217 1930 1169 1358 1304 1121 1176 1781 1718 1775 1287 1136 1085 1052 1693 1183 1191 1165 1729 1020 1625 1436 1836 1455 1091 1117 1756 1965 1471 1423 1767 1073 BCNSPRNW ULIB Ver.6.0+V

เปลี่ยนเป็นภาษาไทย

Change to English
 แสดงรายละเอียดบรรณานุกรม
  กลับหน้าหลัก

Brief Record : Get Marc (ISO 2709) : E-mail record : QR code < ปิดหน้าต่าง
LEADER : 00000nam 2200000uu 4500
001    13399120365
003     ULIB
008    120918s2546||||th 000 0 tha d
020    ^a9742873518
060  4 ^aWY156.5^bน578ก 2546
100 0  ^aนิตยา สุทธยากร
245 00 ^aการพยาบาลผู้ใหญ่ที่มีความผิปกติของระบบทางเดินอาหาร/^cนิตยา สุทธยากร
260    ^aมหาสารคาม:^bมหาวิทยาลัยมหาสารคาม,^c2546
300    ^a104 หน้า:^bภาพประกอบ
650  7 ^aความผิดปกติของระบบทางเดินอาหาร^xการพยาบาล
710 2  ^aมหาวิทยาลัยมหาสารคาม^bคณะพยาบาลศาสตร์
945    ^p0^l0^i15196
995    ^aวิภา
999 ^a ใช้งานได้ทุกระบบ
รายการนี้ยังไม่มีแท็ก
คุณยังไม่ได้ล็อกอิน คุณสามารถมีกิจกรรมร่วมกับเว็บไซต์ได้ แต่ต้องล็อกอินก่อน ::
  ล็อกอิน

รายการสื่อสารสนเทศ

ลำดับที่ ประเภท เลขเรียก/บาร์โค้ด สถานที่ สถานะ
1. วิทยาศาสตร์การแพทย์ และสุขภาพ
วิทยาศาสตร์การแพทย์ และสุขภาพ
WY156.5 น578ก 2546  
  Barcode: 15196
ห้องสมุดวิทยาเขตสวรรค์ประชารักษ์
►หนังสือทั่วไป
ถูกยืม กำหนดส่งวันที่ 15 พฤษภาคม 2558
  จอง

BibComment


ยังไม่เคยถูกคอมเมนท์

คอมเมนท์ทรัพยากรรายการนี้
  คอมเมนท์: การพยาบาลผู้ใหญ่..


 Copyright 2026. Bcnsprnw @Library